Statistics for Dislyte characters

Click here to take the quiz!

General Stats

  • This quiz has been taken 11 times
  • The average score is 90 of 142

Answer Stats

DeityEsper's Name% Correct
Tao TieLi ao
100%
PersephoneAnna
89%
Cang JieCang Ji
89%
HeraClara
89%
ZeusGaius
89%
Queen MotherJin Yuyao
89%
AthenaLeora
89%
NezhaLi Ling
89%
ApolloLucas
89%
Azure DragonXiao Yin
89%
JingweiYu Xu
89%
FriggaAbigail
78%
AphroditeAlexa
78%
PandoraAnesidora
78%
HermesArcana
78%
MictlantecutliArchibald
78%
NefertemAsenath
78%
HeimdallAshley
78%
PoseidonBiondina
78%
HelaCatherine
78%
IsisCecilia
78%
SirenCeline
78%
MedeaChloe
78%
CalypsoDhalia
78%
ThorDonar
78%
NyxElaine
78%
YmirEmbla
78%
PanEthan
78%
Abzu & TiamatFarrah
78%
NornirFatum Sister
78%
NuwaFeng Nuxi
78%
Fu XiFeng Xun
78%
NjordGabrielle
78%
HestiaGinny
78%
HelenHelena
78%
HypnosHilda
78%
HadesHyde
78%
DokkaebiJin-Hee
78%
Ru ShouJin Qiu
78%
XolotlLiam
78%
Jiao TuLian
78%
White TigerLin Xiao
78%
MictecacihuatlMavis
78%
ArtemisMona
78%
MuseNorah
78%
OsirisOllie
78%
ThanatosOphelia
78%
OdinRaven
78%
TortoiseRen Si
78%
SifSally
78%
GaiaSienna
78%
Sun WukongTang Xuan
78%
Six-eared MacaqueTang Yun
78%
HerculesTaylor
78%
SphinxTevor
78%
NutTiye
78%
LokiTriki
78%
ShuUnas
78%
QuetzalcoatlValeria
78%
IzanagiYamato
78%
IzanamiYuuhime
78%
GebAhmed
67%
PazuzuAlolin
67%
White SnakeBai Liuli
67%
BastetBerenice
67%
ValkyrieBrynn
67%
IdunChalmers
67%
ChironDaniel
67%
JasonDavid
67%
AnubisDrew
67%
Jade rabbitEmma
67%
TyrEverett
67%
FenrirFreddy
67%
HephaestusHailey
67%
MeretsegerIfe
67%
JormungandJacob
67%
Meng PoJiang Man
67%
NeithLaura
67%
MedjedLayla
67%
AresLewis
67%
DayiLu Yi
67%
MedusaMelanie
67%
ScyllaMeredith
67%
RaNarmer
67%
NephthysNicole
67%
ErosQ
67%
Hare of InabaSachiko
67%
SetSander
67%
DionysusStewart
67%
Da JiSu Jue
67%
Jiutian XuannuXuan Pin
67%
Zhong KuiZhong Nan
67%
ChanticoAdrina
56%
GullveigAlice
56%
UllrAurelius
56%
BaldrBardon
56%
Yao JiChang Pu
56%
AtumDjoser
56%
FreyaEira
56%
FreyrFabrice
56%
Chang'eHeng Yue
56%
ChiyouJiang Jiuli
56%
ValiLeon
56%
Vermilion BirdLi Guang
56%
Ao BingLong Mian
56%
HathorLynn
56%
Bai ZeYu Ran
56%
AmunetZora
56%
PtahAin
44%
ErisBonnie
44%
GarmrBrewster
44%
HatiCamille
44%
HodurHall
44%
KauketIntisar
44%
ShamashJavid
44%
Ame-no-uzumeKoharu
44%
HeketLauren
44%
PrometheusMateo
44%
MagniNick
44%
SkadiOdette
44%
NinsunParmi
44%
MimirPritzker
44%
TezcatlipocaToland
44%
Yue LaoUnky Chai
44%
Death Guard HeiXie Chuyi
44%
Death Guard BaiXie Yuzhi
44%
SobekDaylon
33%
ThothElliot
33%
HorusFalken
33%
GerdJeanne
33%
SerketKara
33%
Yanluo WangLuo Yan
33%
Shao SimingYe Suhua
33%
Yang JianYun Chuan
33%
AnuketKaylee
22%
Kaya-no-himeMei
22%
SopdetUday
22%
SekhmetZelmer
22%
EpicEpic
0%
LegendaryLegendary
0%
RareRare
0%
MamituYalina
0%

Score Distribution

Percentile by Number Answered

Percent of People with Each Score

Your Score History

You have not taken this quiz